000 00707nam a2200169 i 4500
001 160881
003 ES-MaACL
005 20250730063142.0
008 041004s1856 sp |||| | spa d
040 _aCAM
_bspa
_cCAM
100 1 _aOchoa de Alda, Teodoro,
_d1803-1878
_9130591
245 1 0 _aDon Luisito
_b: comedia original en dos actos /
_cde Teodoro Ochoa de Alda.
260 _aMadrid :
_b[s.n.],
_c1856 (
_fImprenta á cargo de Francisco Sales)
300 _a24 p. ;
_c19 cm.
852 _aES-MaACL
_jF-8557(8)
_z-- Enc. pasta española
_q-- Falto de la cub. original
_z-- Enc. en un vol. facticio formando parte de la col. facticia "Teatro español moderno", v. 9
999 _c160881
_d160881